Normal view
MARC view
Entry Personal Name
001 - CONTROL NUMBER
- control field: 57729
003 - CONTROL NUMBER IDENTIFIER
- control field: dpl
005 - DATE AND TIME OF LATEST TRANSACTION
- control field: 20231006122307.0
008 - FIXED-LENGTH DATA ELEMENTS
- fixed length control field: 231006|| aca||aabn | a|a d
040 ## - CATALOGING SOURCE
- Original cataloging agency: dpl
- Transcribing agency: dpl
100 ## - HEADING--PERSONAL NAME
- Personal name: عزیز الله شیرا نی
670 ## - SOURCE DATA FOUND
- Source citation: Work cat.: (dpl)198723: عزیز الله شیرا نی, نقوش روشن /, 2022 ء
